[Event "Portugal Open 2020"]
[Site "Lisboa POR"]
[Date "2020.01.30"]
[Round "7.17"]
[White "BALBUENA FUENTES, Mario"]
[Black "BUTKIEWICZ, Lukasz"]
[Result "1-0"]
[BlackElo "2416"]
[WhiteElo "2234"]
[LiveChessVersion "1.4.8"]

1. Nf3 {[%clk 1:26:48]} d5 {[%clk 1:30:49]} 2. b3 {[%clk 1:26:25]} Bg4
{[%clk 1:31:10]} 3. e3 {[%clk 1:26:18]} Nd7 {[%clk 1:31:24]} 4. Bb2
{[%clk 1:26:12]} Ngf6 {[%clk 1:31:18]} 5. h3 {[%clk 1:25:18]} Bh5
{[%clk 1:31:33]} 6. d3 {[%clk 1:25:26]} e6 {[%clk 1:30:43]} 7. g4
{[%clk 1:22:03]} Bg6 {[%clk 1:30:25]} 8. Nh4 {[%clk 1:22:05]} Bb4+
{[%clk 1:28:06]} 9. c3 {[%clk 1:20:48]} Be7 {[%clk 1:26:44]} 10. Nxg6
{[%clk 1:20:36]} hxg6 {[%clk 1:26:33]} 11. Bg2 {[%clk 1:14:46]} c6
{[%clk 1:24:35]} 12. Nd2 {[%clk 1:10:31]} a5 {[%clk 1:20:23]} 13. Qc2
{[%clk 1:02:54]} a4 {[%clk 1:14:14]} 14. c4 {[%clk 1:01:16]} Qa5 {[%clk 1:09:24]}
15. Ke2 {[%clk 0:54:52]} Bb4 {[%clk 1:01:21]} 16. a3 {[%clk 0:25:06]} Bxd2
{[%clk 0:59:11]} 17. b4 {[%clk 0:25:31]} Bxb4 {[%clk 0:53:32]} 18. axb4
{[%clk 0:25:55]} Qxb4 {[%clk 0:48:24]} 19. cxd5 {[%clk 0:24:54]} exd5
{[%clk 0:45:57]} 20. Ba3 {[%clk 0:24:24]} Qa5 {[%clk 0:43:19]} 21. Rab1
{[%clk 0:21:25]} Qa6 {[%clk 0:39:46]} 22. g5 {[%clk 0:19:29]} Nh5
{[%clk 0:28:32]} 23. Rhc1 {[%clk 0:14:47]} f6 {[%clk 0:25:04]} 24. Qb2
{[%clk 0:06:43]} O-O-O {[%clk 0:22:46]} 25. Bxd5 {[%clk 0:05:18]} Ne5
{[%clk 0:23:02]} 26. Bxc6 {[%clk 0:04:27]} Nxc6 {[%clk 0:17:25]} 27. Rxc6+
{[%clk 0:04:51]} Qxc6 {[%clk 0:17:52]} 28. Rc1 {[%clk 0:05:15]} Rhe8
{[%clk 0:16:16]} 29. Rxc6+ {[%clk 0:05:32]} bxc6 {[%clk 0:16:46]} 30. Qb6
{[%clk 0:04:58]} Re6 {[%clk 0:16:09]} 31. Qa6+ {[%clk 0:03:24]} Kd7
{[%clk 0:16:29]} 32. Qxa4 {[%clk 0:03:19]} fxg5 {[%clk 0:14:58]} 33. d4
{[%clk 0:01:22]} Ke8 {[%clk 0:11:55]} 34. Qa7 {[%clk 0:01:50]} Rd7
{[%clk 0:08:18]} 35. Qb8+ {[%clk 0:02:14]} Rd8 {[%clk 0:08:45]} 36. Qb7
{[%clk 0:02:21]} Nf4+ {[%clk 0:06:36]} 37. Kf1 {[%clk 0:02:01]} Rd7
{[%clk 0:06:27]} 38. Qb4 {[%clk 0:02:00]} Rf6 {[%clk 0:03:13]} 39. exf4
{[%clk 0:01:12]} Rdf7 {[%clk 0:03:17]} 40. Qb8+ {[%clk 0:01:09]} Kd7
{[%clk 0:03:41]} 41. Qb7+ {[%clk 0:01:18]} Kd8 {[%clk 0:04:02]} 42. Qb8+
{[%clk 0:01:45]} Kd7 {[%clk 0:04:30]} 43. Bc5 {[%clk 0:01:24]} 1-0

[Event "Portugal Open 2020"]
[Site "Lisboa POR"]
[Date "2020.01.30"]
[Round "7.18"]
[White "VASLI, Aref"]
[Black "POYSTI, Nathanael"]
[Result "0-1"]
[BlackElo "2203"]
[WhiteElo "2391"]
[LiveChessVersion "1.4.8"]

1. Nf3 {[%clk 1:23:25]} c5 {[%clk 1:30:55]} 2. g3 {[%clk 1:23:37]} Nc6
{[%clk 1:31:19]} 3. Bg2 {[%clk 1:23:59]} g6 {[%clk 1:31:41]} 4. O-O
{[%clk 1:23:19]} Bg7 {[%clk 1:32:08]} 5. c3 {[%clk 1:23:42]} e5 {[%clk 1:23:40]}
6. e4 {[%clk 1:23:01]} Nge7 {[%clk 1:23:59]} 7. Na3 {[%clk 1:22:42]} O-O
{[%clk 1:21:12]} 8. Re1 {[%clk 1:22:11]} d6 {[%clk 1:17:56]} 9. d3
{[%clk 1:17:35]} h6 {[%clk 1:17:37]} 10. Nc2 {[%clk 1:05:55]} f5 {[%clk 1:16:35]}
11. exf5 {[%clk 1:03:27]} Nxf5 {[%clk 1:14:44]} 12. Ne3 {[%clk 0:58:32]} Nfe7
{[%clk 1:06:21]} 13. Qb3+ {[%clk 0:56:23]} Kh8 {[%clk 1:06:14]} 14. Nd2
{[%clk 0:52:52]} Rb8 {[%clk 1:04:00]} 15. a4 {[%clk 0:49:33]} b6 {[%clk 1:03:21]}
16. Ndf1 {[%clk 0:41:46]} Ba6 {[%clk 0:48:25]} 17. Be4 {[%clk 0:40:30]} Qd7
{[%clk 0:48:17]} 18. Rd1 {[%clk 0:31:53]} Rbd8 {[%clk 0:42:51]} 19. Nd5
{[%clk 0:30:50]} Nxd5 {[%clk 0:43:13]} 20. Bxd5 {[%clk 0:29:13]} Ne7
{[%clk 0:43:23]} 21. Bg2 {[%clk 0:29:24]} d5 {[%clk 0:38:28]} 22. Qc2
{[%clk 0:28:41]} Rf7 {[%clk 0:37:48]} 23. a5 {[%clk 0:28:14]} b5 {[%clk 0:35:52]}
24. Be3 {[%clk 0:27:25]} d4 {[%clk 0:32:19]} 25. cxd4 {[%clk 0:27:47]} exd4
{[%clk 0:32:37]} 26. Bd2 {[%clk 0:26:16]} c4 {[%clk 0:32:33]} 27. Be1
{[%clk 0:25:58]} Nf5 {[%clk 0:29:18]} 28. Nd2 {[%clk 0:25:38]} Rc8
{[%clk 0:28:52]} 29. Ne4 {[%clk 0:24:57]} Nd6 {[%clk 0:18:48]} 30. Bb4
{[%clk 0:22:33]} Nxe4 {[%clk 0:18:33]} 31. Bxe4 {[%clk 0:22:52]} Rf6
{[%clk 0:14:25]} 32. Qd2 {[%clk 0:21:18]} Re6 {[%clk 0:14:09]} 33. f3
{[%clk 0:17:11]} Bb7 {[%clk 0:13:20]} 34. Rac1 {[%clk 0:17:06]} Kh7
{[%clk 0:12:17]} 35. Kg2 {[%clk 0:15:42]} Bxe4 {[%clk 0:10:41]} 36. fxe4
{[%clk 0:16:09]} h5 {[%clk 0:10:12]} 37. Qe2 {[%clk 0:14:16]} Qb7
{[%clk 0:08:14]} 38. Kg1 {[%clk 0:09:26]} Rce8 {[%clk 0:06:33]} 39. dxc4
{[%clk 0:08:43]} Rxe4 {[%clk 0:07:02]} 40. Qg2 {[%clk 0:08:45]} bxc4
{[%clk 0:06:50]} 41. Rxc4 {[%clk 0:08:46]} Qf7 {[%clk 0:06:57]} 42. Qf1
{[%clk 0:08:11]} Qe6 {[%clk 0:05:49]} 43. Rc7 {[%clk 0:07:30]} Re2
{[%clk 0:04:32]} 44. Rd3 {[%clk 0:04:31]} Kg8 {[%clk 0:03:26]} 45. b3
{[%clk 0:02:21]} Bh6 {[%clk 0:03:49]} 46. Qf3 {[%clk 0:02:05]} Be3+
{[%clk 0:03:21]} 47. Kh1 {[%clk 0:02:15]} Rf2 {[%clk 0:03:34]} 48. Rxe3
{[%clk 0:00:57]} dxe3 {[%clk 0:03:48]} 49. Qb7 {[%clk 0:00:33]} Qe4+
{[%clk 0:02:57]} 50. Qxe4 {[%clk 0:01:01]} Rxe4 {[%clk 0:03:26]} 51. Kg1
{[%clk 0:00:46]} Rxb4 {[%clk 0:03:42]} 0-1

[Event "Portugal Open 2020"]
[Site "Lisboa POR"]
[Date "2020.01.30"]
[Round "7.19"]
[White "CAMBANDO, Jose"]
[Black "SARKAR, Justin"]
[Result "0-1"]
[BlackElo "2385"]
[WhiteElo "2166"]
[LiveChessVersion "1.4.8"]

1. e4 {[%clk 1:19:38]} c5 {[%clk 1:30:41]} 2. Nf3 {[%clk 1:19:58]} Nf6
{[%clk 1:30:55]} 3. e5 {[%clk 1:16:26]} Nd5 {[%clk 1:31:16]} 4. c4
{[%clk 1:12:21]} Nb4 {[%clk 1:27:52]} 5. a3 {[%clk 1:10:18]} N4c6
{[%clk 1:28:15]} 6. b4 {[%clk 1:07:40]} b6 {[%clk 1:18:25]} 7. b5
{[%clk 1:06:38]} Na5 {[%clk 1:18:25]} 8. Bb2 {[%clk 1:01:42]} e6 {[%clk 1:18:20]}
9. Be2 {[%clk 1:00:41]} Be7 {[%clk 1:15:38]} 10. Nc3 {[%clk 0:55:22]} Bb7
{[%clk 1:15:37]} 11. O-O {[%clk 0:52:49]} O-O {[%clk 1:15:12]} 12. Qc2
{[%clk 0:51:21]} d6 13. exd6 {[%clk 0:51:27]} Qxd6 {[%clk 1:02:23]} 14. Ne4
{[%clk 0:50:20]} Bxe4 {[%clk 0:57:56]} 15. Qxe4 {[%clk 0:50:29]} Nd7
{[%clk 0:58:21]} 16. d4 {[%clk 0:41:36]} f5 {[%clk 0:51:15]} 17. Qc2
{[%clk 0:41:33]} cxd4 {[%clk 0:46:59]} 18. Nxd4 {[%clk 0:41:43]} Nc5
{[%clk 0:46:42]} 19. Bf3 {[%clk 0:41:36]} Rae8 {[%clk 0:45:40]} 20. Rad1
{[%clk 0:41:13]} Qc7 {[%clk 0:44:00]} 21. Nxe6 {[%clk 0:30:33]} Nxe6
{[%clk 0:44:25]} 22. Bd5 {[%clk 0:31:03]} Bf6 {[%clk 0:40:24]} 23. Rfe1
{[%clk 0:24:58]} Qf7 {[%clk 0:37:46]} 24. Bxf6 {[%clk 0:22:56]} Qxf6
{[%clk 0:38:02]} 25. Rxe6 {[%clk 0:15:29]} Rxe6 {[%clk 0:38:23]} 26. Re1
{[%clk 0:14:53]} Rfe8 {[%clk 0:38:11]} 27. Qe2 {[%clk 0:15:10]} Kf8
{[%clk 0:30:59]} 28. Bxe6 {[%clk 0:13:31]} Nb3 {[%clk 0:31:19]} 29. Qe5
{[%clk 0:10:06]} Qxe5 {[%clk 0:31:04]} 30. Rxe5 {[%clk 0:10:34]} Nd4
{[%clk 0:31:19]} 0-1

[Event "Portugal Open 2020"]
[Site "Lisboa POR"]
[Date "2020.01.30"]
[Round "7.20"]
[White "SILICH, Yahor"]
[Black "GONZALEZ TRIGAL, Jose Luis"]
[Result "1/2-1/2"]
[BlackElo "2369"]
[WhiteElo "2158"]
[LiveChessVersion "1.4.8"]

1. e4 {[%clk 1:28:03]} c5 {[%clk 1:30:52]} 2. Nf3 {[%clk 1:28:22]} d6
{[%clk 1:31:15]} 3. Bb5+ {[%clk 1:28:47]} Bd7 {[%clk 1:31:38]} 4. Bxd7+
{[%clk 1:28:57]} Nxd7 {[%clk 1:32:00]} 5. O-O {[%clk 1:29:20]} Ngf6
{[%clk 1:32:22]} 6. Qe2 {[%clk 1:29:05]} g6 {[%clk 1:32:28]} 7. c3
{[%clk 1:28:48]} Bh6 {[%clk 1:32:37]} 8. d4 {[%clk 1:22:38]} Bxc1
{[%clk 1:32:58]} 9. Rxc1 {[%clk 1:23:02]} O-O {[%clk 1:33:17]} 10. Nbd2
{[%clk 1:22:29]} Qb6 {[%clk 1:12:17]} 11. e5 {[%clk 1:18:45]} dxe5
{[%clk 1:09:42]} 12. dxe5 {[%clk 1:18:32]} Nh5 {[%clk 1:09:49]} 13. Qe4
{[%clk 1:14:04]} Qe6 {[%clk 1:02:22]} 14. Re1 {[%clk 1:10:36]} Ng7
{[%clk 0:49:34]} 15. a4 {[%clk 1:05:50]} Rab8 {[%clk 0:44:53]} 16. Rad1
{[%clk 0:57:09]} Rfd8 {[%clk 0:40:49]} 17. h3 {[%clk 0:47:29]} Nf8
{[%clk 0:35:45]} 18. Nc4 {[%clk 0:35:15]} f5 {[%clk 0:28:32]} 19. Qe2
{[%clk 0:35:16]} Qa6 {[%clk 0:28:28]} 20. b3 {[%clk 0:29:01]} Nfe6
{[%clk 0:27:01]} 21. Rxd8+ {[%clk 0:28:52]} Rxd8 {[%clk 0:27:21]} 22. Rd1
{[%clk 0:29:18]} Qc6 {[%clk 0:21:57]} 23. Rxd8+ {[%clk 0:26:46]} Nxd8
{[%clk 0:22:25]} 24. Qd3 {[%clk 0:24:30]} Nge6 {[%clk 0:21:17]} 25. Ne3
{[%clk 0:22:56]} Kg7 {[%clk 0:19:17]} 26. h4 {[%clk 0:20:23]} Nf7
{[%clk 0:15:46]} 27. Nd5 {[%clk 0:12:21]} Qd7 {[%clk 0:15:13]} 28. Qc4
{[%clk 0:12:18]} b6 {[%clk 0:13:37]} 29. b4 {[%clk 0:08:52]} Nfd8
{[%clk 0:05:08]} 30. bxc5 {[%clk 0:04:09]} Nxc5 {[%clk 0:04:43]} 31. a5
{[%clk 0:03:55]} Ne4 {[%clk 0:04:27]} 32. axb6 {[%clk 0:03:26]} axb6
{[%clk 0:04:56]} 33. Nd4 {[%clk 0:03:01]} Qa7 {[%clk 0:02:11]} 34. Qb4
{[%clk 0:02:03]} Kf7 {[%clk 0:00:39]} 35. Qb3 {[%clk 0:02:08]} Kg7
{[%clk 0:00:54]} 36. Qb4 {[%clk 0:00:48]} Kf7 {[%clk 0:01:23]} 37. Qb3
{[%clk 0:00:43]} Kg7 {[%clk 0:01:52]} 38. Qb4 {[%clk 0:00:35]} 1/2-1/2

[Event "Portugal Open 2020"]
[Site "Lisboa POR"]
[Date "2020.01.30"]
[Round "7.21"]
[White "GARCIA DORADO, Alberto"]
[Black "SOHAM, Das"]
[Result "0-1"]
[BlackElo "2355"]
[WhiteElo "2152"]
[LiveChessVersion "1.4.8"]

1. d4 {[%clk 1:30:58]} f5 {[%clk 1:27:01]} 2. c4 {[%clk 1:30:44]} Nf6
{[%clk 1:27:14]} 3. Nc3 {[%clk 1:30:47]} d6 {[%clk 1:27:39]} 4. Nf3
{[%clk 1:22:17]} g6 {[%clk 1:28:02]} 5. g3 {[%clk 1:22:35]} Bg7 {[%clk 1:28:23]}
6. Bg2 {[%clk 1:22:59]} O-O {[%clk 1:28:45]} 7. O-O {[%clk 1:23:08]} c6
{[%clk 1:29:10]} 8. Qc2 {[%clk 1:18:33]} Na6 {[%clk 1:22:27]} 9. b3
{[%clk 1:17:49]} Qa5 {[%clk 1:18:02]} 10. Bd2 {[%clk 1:14:12]} Qc7
{[%clk 1:18:25]} 11. Rad1 {[%clk 1:03:36]} e5 {[%clk 1:15:42]} 12. dxe5
{[%clk 0:59:03]} dxe5 {[%clk 1:15:24]} 13. e4 {[%clk 0:59:16]} Nc5
{[%clk 1:11:40]} 14. Ng5 {[%clk 0:58:53]} f4 {[%clk 0:49:04]} 15. b4
{[%clk 0:47:43]} Ne6 {[%clk 0:39:53]} 16. Nxe6 {[%clk 0:45:24]} Bxe6
{[%clk 0:40:21]} 17. Ne2 {[%clk 0:44:14]} Qf7 {[%clk 0:37:04]} 18. Rc1
{[%clk 0:38:59]} g5 {[%clk 0:34:22]} 19. f3 {[%clk 0:38:08]} Nd7 {[%clk 0:33:38]}
20. Be1 {[%clk 0:35:34]} Nb6 {[%clk 0:28:36]} 21. c5 {[%clk 0:35:37]} Nc4
{[%clk 0:29:05]} 22. Bf2 {[%clk 0:35:52]} a5 {[%clk 0:28:17]} 23. gxf4
{[%clk 0:35:27]} gxf4 {[%clk 0:28:05]} 24. bxa5 {[%clk 0:35:04]} Kh8
{[%clk 0:27:15]} 25. Kh1 {[%clk 0:34:22]} Qh5 {[%clk 0:13:14]} 26. Qb3
{[%clk 0:33:08]} Qf7 {[%clk 0:13:35]} 27. Qc2 {[%clk 0:31:42]} Rae8
{[%clk 0:12:40]} 28. Ng1 {[%clk 0:26:44]} Qh5 {[%clk 0:11:16]} 29. Qe2
{[%clk 0:26:52]} Ne3 {[%clk 0:09:46]} 30. Bxe3 {[%clk 0:26:07]} fxe3
{[%clk 0:10:15]} 31. f4 {[%clk 0:26:07]} Bg4 {[%clk 0:09:38]} 32. Bf3
{[%clk 0:25:02]} Rxf4 {[%clk 0:10:04]} 33. Bxg4 {[%clk 0:22:28]} Rxg4
{[%clk 0:10:24]} 34. Rce1 {[%clk 0:21:24]} Bh6 {[%clk 0:09:56]} 35. Rf5
{[%clk 0:18:18]} Qg6 {[%clk 0:09:32]} 36. Qf3 {[%clk 0:17:00]} Rg8
{[%clk 0:06:52]} 37. Nh3 {[%clk 0:16:57]} Bf4 {[%clk 0:06:23]} 38. Qf1
{[%clk 0:15:22]} Qh6 {[%clk 0:04:23]} 39. Nxf4 {[%clk 0:13:24]} exf4
{[%clk 0:04:14]} 40. Qe2 {[%clk 0:13:46]} Qg7 {[%clk 0:04:24]} 41. Qf1
{[%clk 0:13:55]} e2 {[%clk 0:03:44]} 0-1

[Event "Portugal Open 2020"]
[Site "Lisboa POR"]
[Date "2020.01.30"]
[Round "7.22"]
[White "PLICHTA, Kamil"]
[Black "SANTOS, Antonio P"]
[Result "1-0"]
[BlackElo "2152"]
[WhiteElo "2353"]
[LiveChessVersion "1.4.8"]

1. Nf3 {[%clk 1:30:59]} c5 {[%clk 1:29:19]} 2. g3 {[%clk 1:31:09]} b6
{[%clk 1:29:37]} 3. Bg2 {[%clk 1:31:34]} Bb7 {[%clk 1:30:05]} 4. O-O
{[%clk 1:31:55]} Nf6 {[%clk 1:30:25]} 5. c4 {[%clk 1:31:43]} e6 {[%clk 1:30:47]}
6. b3 {[%clk 1:31:23]} Be7 {[%clk 1:31:06]} 7. Bb2 {[%clk 1:31:40]} O-O
{[%clk 1:31:25]} 8. Nc3 {[%clk 1:31:44]} d6 {[%clk 1:12:03]} 9. d4
{[%clk 1:29:42]} cxd4 {[%clk 1:11:51]} 10. Qxd4 {[%clk 1:30:05]} Nbd7
{[%clk 1:11:57]} 11. Rfd1 {[%clk 1:29:05]} a6 {[%clk 1:11:51]} 12. e4
{[%clk 1:28:57]} Qc7 {[%clk 1:01:20]} 13. Ba3 {[%clk 1:28:38]} Nc5
{[%clk 1:01:27]} 14. e5 {[%clk 1:28:27]} dxe5 {[%clk 1:01:36]} 15. Qxe5
{[%clk 1:28:47]} Rac8 {[%clk 0:52:54]} 16. Qxc7 {[%clk 1:28:19]} Rxc7
{[%clk 0:53:22]} 17. Ne5 {[%clk 1:27:01]} Rfc8 {[%clk 0:47:01]} 18. Bxc5
{[%clk 1:18:11]} Bxc5 {[%clk 0:36:58]} 19. Na4 {[%clk 1:18:19]} Bxg2
{[%clk 0:36:39]} 20. Kxg2 {[%clk 1:18:40]} g5 {[%clk 0:30:20]} 21. Rab1
{[%clk 1:11:43]} b5 {[%clk 0:25:32]} 22. Nxc5 {[%clk 1:11:54]} Rxc5
{[%clk 0:26:00]} 23. Nd3 {[%clk 1:11:53]} R5c7 {[%clk 0:26:11]} 24. cxb5
{[%clk 1:11:59]} axb5 {[%clk 0:26:31]} 25. Nb4 {[%clk 1:12:21]} Ne4
{[%clk 0:24:48]} 26. Rd4 {[%clk 1:11:43]} Nc3 {[%clk 0:18:47]} 27. Re1
{[%clk 1:11:51]} Kg7 {[%clk 0:18:58]} 28. h4 {[%clk 1:10:05]} h6 {[%clk 0:18:15]}
29. Kh3 {[%clk 1:09:35]} Kg6 {[%clk 0:17:19]} 30. Kg4 {[%clk 1:08:57]} h5+
{[%clk 0:17:29]} 31. Kh3 {[%clk 1:08:36]} g4+ {[%clk 0:17:39]} 32. Kg2
{[%clk 1:09:01]} Ra7 {[%clk 0:08:12]} 33. Rc1 {[%clk 1:06:58]} Rcc7
{[%clk 0:08:30]} 34. Rc2 {[%clk 1:04:53]} f6 {[%clk 0:02:12]} 35. Rd6
{[%clk 1:02:43]} e5 {[%clk 0:02:40]} 36. Rc6 {[%clk 1:02:14]} Nxa2
{[%clk 0:00:57]} 37. Rxa2 {[%clk 1:00:51]} Rxc6 {[%clk 0:01:24]} 38. Rxa7
{[%clk 1:01:14]} Rc3 {[%clk 0:01:47]} 39. Rb7 {[%clk 1:01:33]} Rxb3
{[%clk 0:02:03]} 40. Rxb5 {[%clk 1:01:57]} e4 {[%clk 0:02:22]} 41. Rb6
{[%clk 1:02:20]} 1-0

[Event "Portugal Open 2020"]
[Site "Lisboa POR"]
[Date "2020.01.30"]
[Round "7.23"]
[White "ROCHA, Sergio"]
[Black "HULSHOF, Peter"]
[Result "1-0"]
[BlackElo "2192"]
[WhiteElo "2343"]
[LiveChessVersion "1.4.8"]

1. d4 {[%clk 1:29:37]} g6 {[%clk 1:30:47]} 2. Nf3 {[%clk 1:29:56]} Bg7
{[%clk 1:31:09]} 3. e4 {[%clk 1:29:53]} c6 {[%clk 1:31:12]} 4. h3
{[%clk 1:30:15]} d5 {[%clk 1:30:50]} 5. Nc3 {[%clk 1:29:10]} Nf6 {[%clk 1:30:47]}
6. e5 {[%clk 1:29:32]} Ne4 {[%clk 1:31:09]} 7. Bd3 {[%clk 1:29:35]} Nxc3
{[%clk 1:31:20]} 8. bxc3 {[%clk 1:30:00]} c5 {[%clk 1:24:47]} 9. O-O
{[%clk 1:30:03]} Nc6 {[%clk 1:22:14]} 10. a4 {[%clk 1:29:45]} Qa5
{[%clk 1:17:34]} 11. Bd2 {[%clk 1:29:19]} c4 {[%clk 1:17:55]} 12. Be2
{[%clk 1:29:44]} O-O {[%clk 1:16:57]} 13. Nh4 {[%clk 1:28:02]} f6
{[%clk 1:14:07]} 14. f4 {[%clk 1:28:23]} fxe5 {[%clk 1:14:16]} 15. fxe5
{[%clk 1:28:13]} Rxf1+ {[%clk 1:13:03]} 16. Bxf1 {[%clk 1:28:32]} Bd7
{[%clk 1:12:35]} 17. g4 {[%clk 1:27:52]} Rf8 {[%clk 1:09:05]} 18. Bg2
{[%clk 1:27:04]} e6 {[%clk 1:04:28]} 19. Qc1 {[%clk 1:19:24]} Nd8
{[%clk 1:00:10]} 20. Nf3 {[%clk 1:15:55]} Bxa4 {[%clk 0:59:31]} 21. g5
{[%clk 1:15:36]} b5 {[%clk 0:53:19]} 22. Nh2 {[%clk 1:14:58]} Qb6
{[%clk 0:48:51]} 23. Ng4 {[%clk 1:14:03]} Rf5 {[%clk 0:48:32]} 24. Nf6+
{[%clk 1:08:56]} Bxf6 {[%clk 0:45:39]} 25. exf6 {[%clk 1:08:59]} Nf7
{[%clk 0:38:52]} 26. h4 {[%clk 1:08:21]} Qd6 {[%clk 0:34:54]} 27. Qe1
{[%clk 1:08:15]} a6 {[%clk 0:32:49]} 28. Bh3 {[%clk 1:01:24]} Rf3
{[%clk 0:31:25]} 29. Bxe6 {[%clk 0:53:58]} Kf8 {[%clk 0:23:31]} 30. Bxd5
{[%clk 0:48:40]} Rg3+ {[%clk 0:17:16]} 31. Bg2 {[%clk 0:48:30]} Rg4
{[%clk 0:16:35]} 32. Qe2 {[%clk 0:36:59]} Rxh4 {[%clk 0:15:47]} 33. Re1
{[%clk 0:37:22]} b4 {[%clk 0:13:03]} 34. cxb4 {[%clk 0:34:30]} h6
{[%clk 0:10:18]} 35. Qe7+ {[%clk 0:30:31]} Kg8 {[%clk 0:10:42]} 36. Qxd6
{[%clk 0:30:33]} Nxd6 {[%clk 0:11:11]} 37. gxh6 {[%clk 0:29:13]} Rxd4
{[%clk 0:09:07]} 38. Bc3 {[%clk 0:28:56]} Rh4 {[%clk 0:08:50]} 39. Re7
{[%clk 0:26:10]} Rxh6 {[%clk 0:07:27]} 40. Be5 {[%clk 0:26:02]} Nf5
{[%clk 0:06:20]} 41. Bd5+ {[%clk 0:25:07]} Kf8 {[%clk 0:06:47]} 42. Ra7
{[%clk 0:24:31]} Be8 {[%clk 0:05:54]} 43. f7 {[%clk 0:23:48]} Bxf7
{[%clk 0:06:18]} 44. Rxf7+ {[%clk 0:24:13]} Ke8 {[%clk 0:06:45]} 45. Ra7
{[%clk 0:24:28]} Ne3 {[%clk 0:06:39]} 46. Bc6+ {[%clk 0:24:43]} Kd8
{[%clk 0:06:54]} 47. Bd6 {[%clk 0:24:48]} 1-0

[Event "Portugal Open 2020"]
[Site "Lisboa POR"]
[Date "2020.01.30"]
[Round "7.24"]
[White "TSCHAROTSCHKIN, Michael"]
[Black "NAPOLI, Nicolo"]
[Result "1/2-1/2"]
[BlackElo "2333"]
[WhiteElo "2156"]
[LiveChessVersion "1.4.8"]

1. d4 {[%clk 1:16:59]} Nf6 {[%clk 1:30:34]} 2. Nf3 {[%clk 1:17:18]} e6
{[%clk 1:30:54]} 3. Bf4 {[%clk 1:17:40]} c5 {[%clk 1:29:41]} 4. e3
{[%clk 1:17:59]} Nd5 {[%clk 1:27:14]} 5. Bxb8 {[%clk 1:07:50]} Rxb8
{[%clk 1:26:57]} 6. e4 {[%clk 1:06:14]} Nf6 {[%clk 1:26:37]} 7. e5
{[%clk 1:05:14]} Qa5+ {[%clk 1:23:00]} 8. Nbd2 {[%clk 1:02:39]} Ne4
{[%clk 1:22:23]} 9. c3 {[%clk 0:56:59]} Nxd2 {[%clk 1:22:28]} 10. Qxd2
{[%clk 0:56:38]} cxd4 {[%clk 1:22:29]} 11. Qxd4 {[%clk 0:56:49]} Bc5
{[%clk 1:07:14]} 12. Qd2 {[%clk 0:53:16]} Be7 {[%clk 1:07:33]} 13. Bd3
{[%clk 0:52:16]} f6 {[%clk 1:01:50]} 14. exf6 {[%clk 0:51:56]} Bxf6
{[%clk 1:01:46]} 15. Qf4 {[%clk 0:48:04]} Ra8 {[%clk 1:00:03]} 16. Qe4
{[%clk 0:46:47]} d5 {[%clk 0:57:44]} 17. Qf4 {[%clk 0:43:38]} O-O
{[%clk 0:54:48]} 18. O-O {[%clk 0:43:39]} Qb6 {[%clk 0:54:15]} 19. Rab1
{[%clk 0:40:54]} Bd7 {[%clk 0:49:06]} 20. Ne5 {[%clk 0:40:32]} Be8
{[%clk 0:47:59]} 21. Qg3 {[%clk 0:36:12]} Bb5 {[%clk 0:44:24]} 22. Bxb5
{[%clk 0:34:26]} Qxb5 {[%clk 0:44:50]} 23. Rfe1 {[%clk 0:33:56]} Qa4
{[%clk 0:40:32]} 24. Qg4 {[%clk 0:29:13]} Qxg4 {[%clk 0:38:13]} 25. Nxg4
{[%clk 0:29:35]} Kf7 {[%clk 0:38:29]} 26. Rbd1 {[%clk 0:29:03]} Rfc8
{[%clk 0:36:24]} 27. f4 {[%clk 0:28:08]} Rc4 {[%clk 0:29:16]} 28. g3
{[%clk 0:27:11]} Ra4 {[%clk 0:26:32]} 29. a3 {[%clk 0:27:08]} a5 {[%clk 0:25:47]}
30. Ne5+ {[%clk 0:25:41]} Bxe5 {[%clk 0:25:54]} 31. Rxe5 {[%clk 0:26:02]} g6
{[%clk 0:26:19]} 32. Kf2 {[%clk 0:25:20]} Ra6 {[%clk 0:26:19]} 33. Ke3
{[%clk 0:23:38]} Rc4 {[%clk 0:25:19]} 34. Rd4 {[%clk 0:22:49]} Rc7
{[%clk 0:24:59]} 35. Kd3 {[%clk 0:22:19]} Rac6 {[%clk 0:24:46]} 36. Re2
{[%clk 0:21:13]} Kf6 {[%clk 0:23:47]} 37. Ke3 {[%clk 0:20:53]} h6
{[%clk 0:21:09]} 38. h4 {[%clk 0:20:43]} Rc4 {[%clk 0:17:47]} 39. Rxc4
{[%clk 0:19:20]} Rxc4 {[%clk 0:18:11]} 40. Kf3 {[%clk 0:18:43]} b5
{[%clk 0:17:41]} 41. g4 {[%clk 0:18:23]} b4 {[%clk 0:14:32]} 42. g5+
{[%clk 0:18:24]} hxg5 {[%clk 0:14:59]} 43. hxg5+ {[%clk 0:18:39]} Kf7
{[%clk 0:15:02]} 44. axb4 {[%clk 0:18:15]} axb4 {[%clk 0:15:28]} 45. cxb4
{[%clk 0:17:19]} Rxb4 {[%clk 0:15:54]} 46. Rc2 {[%clk 0:17:32]} Ke7
{[%clk 0:14:08]} 47. Rc7+ {[%clk 0:17:15]} Kd6 {[%clk 0:14:13]} 48. Rg7
{[%clk 0:17:36]} Rb3+ {[%clk 0:14:32]} 49. Kg4 {[%clk 0:17:35]} d4
{[%clk 0:14:03]} 50. Rxg6 {[%clk 0:17:53]} d3 {[%clk 0:13:55]} 51. Kf3
{[%clk 0:17:53]} Kd5 {[%clk 0:10:39]} 52. Ke3 {[%clk 0:16:48]} e5
{[%clk 0:08:58]} 53. fxe5 {[%clk 0:16:41]} Kxe5 {[%clk 0:09:23]} 1/2-1/2

[Event "Portugal Open 2020"]
[Site "Lisboa POR"]
[Date "2020.01.30"]
[Round "7.25"]
[White "SILVA, Goncalo"]
[Black "ESQUIVIAS QUINTERO, Luis Manuel"]
[Result "0-1"]
[BlackElo "2318"]
[WhiteElo "2133"]
[LiveChessVersion "1.4.8"]

1. e4 {[%clk 1:23:23]} c5 {[%clk 1:30:46]} 2. Nf3 {[%clk 1:23:49]} d6
{[%clk 1:31:08]} 3. b4 {[%clk 1:21:01]} cxb4 {[%clk 1:30:02]} 4. d4
{[%clk 1:21:22]} Nf6 {[%clk 1:28:54]} 5. Bd3 {[%clk 1:21:23]} g6 {[%clk 1:26:01]}
6. O-O {[%clk 1:21:33]} Bg7 {[%clk 1:25:41]} 7. h3 {[%clk 1:21:46]} O-O
{[%clk 1:24:32]} 8. Be3 {[%clk 1:20:58]} e5 {[%clk 1:13:54]} 9. Nbd2
{[%clk 1:18:28]} exd4 {[%clk 1:08:49]} 10. Nxd4 {[%clk 1:16:20]} Re8
{[%clk 1:06:50]} 11. f4 {[%clk 1:13:05]} Nd5 {[%clk 1:00:41]} 12. exd5
{[%clk 1:04:25]} Rxe3 {[%clk 1:01:02]} 13. N4f3 {[%clk 1:04:54]} Qf6
{[%clk 0:59:08]} 14. Nc4 {[%clk 1:04:11]} Re8 {[%clk 0:43:38]} 15. Qd2
{[%clk 1:01:18]} b5 {[%clk 0:37:55]} 16. Na5 {[%clk 0:56:08]} Qd8
{[%clk 0:37:43]} 17. Qxb4 {[%clk 0:53:17]} Qb6+ {[%clk 0:37:07]} 18. Kh1
{[%clk 0:52:39]} Na6 {[%clk 0:35:16]} 19. Qxb5 {[%clk 0:53:03]} Nc7
{[%clk 0:35:42]} 20. Qxb6 {[%clk 0:52:30]} axb6 {[%clk 0:36:07]} 21. Nc4
{[%clk 0:52:01]} Bxa1 {[%clk 0:36:25]} 22. Rxa1 {[%clk 0:52:15]} Nxd5
{[%clk 0:36:23]} 23. f5 {[%clk 0:49:36]} Nb4 {[%clk 0:28:13]} 24. fxg6
{[%clk 0:49:35]} hxg6 {[%clk 0:28:39]} 25. Nxb6 {[%clk 0:49:31]} Rxa2
{[%clk 0:28:03]} 26. Rxa2 {[%clk 0:44:27]} Nxa2 {[%clk 0:27:29]} 27. Bb5
{[%clk 0:43:56]} Rd8 {[%clk 0:25:17]} 28. Nd4 {[%clk 0:44:16]} Bb7
{[%clk 0:23:30]} 29. c4 {[%clk 0:41:06]} Nc3 {[%clk 0:22:00]} 30. Kg1
{[%clk 0:39:50]} d5 {[%clk 0:16:17]} 31. Bc6 {[%clk 0:38:50]} dxc4
{[%clk 0:15:51]} 0-1